000 00473nam a22001577a 4500
003 OSt
005 20151103163021.0
008 151103b xxu||||| |||| 00| 0 eng d
040 _cRUA
082 _aFOR លិ 1992 B117 or.1
100 _93298
_aលិ វុឌ្ឍី
245 _aរៀបចំការដ្ឋាននៅរុក្ខដ្ឋាន សៀមប៉ាង
260 _aPhnom Penh
_bRUA
_c1992
300 _a65p.
_bill.
_c29cm.
942 _2ddc
_cFOR
999 _c3079
_d3079